| 000 | 00565nam a2200193Ia 4500 | ||
|---|---|---|---|
| 003 | OSt | ||
| 005 | 20250217160122.0 | ||
| 008 | 210210b1997 xxu||||| |||| 00| 0 eng d | ||
| 040 | _cAL | ||
| 041 | _aKannada | ||
| 082 | _aK894.4 NIRM | ||
| 100 |
_aNIRANJANA VANALLI _dನಿರಂಜನ ವಾನಳ್ಳ _9200378 |
||
| 245 |
_aMogedashtu Nenapugalu _bಮೊಗೆದಷ್ಟೂ ನೆನಪುಗಳು |
||
| 260 |
_aDarbe _bKannada Prapancha Prakashana _c1997 |
||
| 300 | _aviii,96 | ||
| 690 |
_aKannada Prose _9200379 |
||
| 906 | _a053919 | ||
| 942 |
_2ddc _cBK |
||
| 999 |
_c101945 _d101945 |
||